[Event "Piestany Slovakia op-B"]
[Site "Piestany"]
[Date "2023.07.12"]
[Round "2"]
[White "Reis, Pedro Rafael Melo"]
[Black "Janech, Michal"]
[Result "1-0"]
[WhiteElo "1588"]
[BlackElo "1179"]
[PlyCount "67"]
[EventDate "2023.07.11"]
[EventType "swiss"]
[EventRounds "9"]
[EventCountry "SVK"]
[SourceTitle "EXT 2024"]
[Source "ChessBase"]
[SourceDate "2023.10.10"]
[SourceVersion "1"]
[SourceVersionDate "2023.10.10"]
[SourceQuality "1"]

1. d4 d5 2. c4 c6 3. cxd5 cxd5 4. Nc3 e6 5. Nf3 Nc6 6. Bf4 a6 7. e3 Bd6 8. Bg3 Nf6 9. Bd3 h6 10. a3 b5 11. b4 Bb7 12. Rc1 Rc8 13. Ne5 0-0 14. 0-0 Ne7 15. f3 Nh5 16. f4 Nxg3 17. hxg3 Nf5 18. Qf3 Rc7 19. g4 Nh4 20. Qh3 f6 21. Qxh4 fxe5 22. Qxd8 Rxd8 23. fxe5 Be7 24. Nxd5 Rxc1 25. Nxe7+ Kh8 26. Rxc1 Rd7 27. Ng6+ Kg8 28. Nf4 Re7 29. Bb1 g5 30. Nh5 Bd5 31. Nf6+ Kf7 32. Nxd5 exd5 33. Ba2 Rd7 34. Rc5 1-0